संपूर्ण लक्ष्य:संपूर्ण विकास कैसे करें (Record no. 1014)

MARC details
000 -LEADER
fixed length control field 01152 a2200229 4500
005 - DATE AND TIME OF LATEST TRANSACTION
control field 20080903125053.0
008 - FIXED-LENGTH DATA ELEMENTS--GENERAL INFORMATION
fixed length control field 080903t xxu||||| |||| 00| 0 hin d
010 ## - LIBRARY OF CONGRESS CONTROL NUMBER
LC control number HIN-78929
020 ## - INTERNATIONAL STANDARD BOOK NUMBER
International Standard Book Number 1403929130
Terms of availability 150.00
035 ## - SYSTEM CONTROL NUMBER
System control number HN-51275
037 ## - SOURCE OF ACQUISITION
Source of stock number/acquisition D.B.Act / pub
082 ## - DEWEY DECIMAL CLASSIFICATION NUMBER
Classification number 230.41
100 ## - MAIN ENTRY--PERSONAL NAME
Personal name तेजपारखीजी, सरश्री
245 ## - TITLE STATEMENT
Title संपूर्ण लक्ष्य:संपूर्ण विकास कैसे करें
Statement of responsibility, etc सरश्री तेजपारखीजी
246 ## - VARYING FORM OF TITLE
Title proper/short title Sampurn lakshya; sampurn vikas kaise karen
Remainder of title by Tejparkhiji
260 ## - PUBLICATION, DISTRIBUTION, ETC. (IMPRINT)
Place of publication, distribution, etc नई दिल्ली
Name of publisher, distributor, etc मैकमिलन
Date of publication, distribution, etc 2006
270 ## - ADDRESS
Address 2/10 अंसारी रोड,दरियागंज
City नई दिल्ली
Postal code 110002
300 ## - PHYSICAL DESCRIPTION
Extent 208पृ
Dimensions 22 सेमी (सजिल्द)
490 ## - SERIES STATEMENT
Volume number/sequential designation भाग-1
942 ## - ADDED ENTRY ELEMENTS (KOHA)
Institution code [OBSOLETE] dpl
Koha item type Hindi Books
Call number prefix 230.41 / तेजपा
Source of classification or shelving scheme Dewey Decimal Classification
Classification part 230.41
Call number suffix तेजपा
Holdings
Withdrawn status Lost status Damaged status Not for loan Collection code Home library Current library Date acquired Cost, normal purchase price Total Checkouts Full call number Barcode Date last seen Copy number Uniform Resource Identifier Cost, replacement price Price effective from Koha item type
      Not For Loan Non-fiction D.B.Act.Division D.B.Act.Division 03/09/2008 150.00   230.41 तेजपा HN-51275 15/09/2008 1 1717 150.00 15/09/2008 Hindi Books

© Delhi Public Library
Hit Counter
free hit counter